| 000 | 00737nam a2200241 a 4500 | ||
|---|---|---|---|
| 001 | 2916108 | ||
| 003 | Ke-BoTe | ||
| 005 | 20220223153758.0 | ||
| 008 | 880531s1986 oru 001 0 eng | ||
| 010 | _a 88145217 | ||
| 020 | _a0913201529 | ||
| 040 |
_aDLC _cDLC _dDLC |
||
| 050 | 0 | 0 |
_aBS195 _b.N39 1986 |
| 082 | 0 | 0 |
_a220.5/2 _219 |
| 130 | 0 |
_aBible. _lEnglish. _sNew Life. _f1986. _92900 |
|
| 245 | 1 | 0 |
_aHoly Bible : _bNew Life Version. |
| 260 |
_aCanby, Or. : _bChristian Literature International, _cc1986. |
||
| 300 |
_a902, 335 p. ; _c23 cm. |
||
| 500 | _aIncludes index. | ||
| 906 |
_a7 _bcbc _corignew _d2 _encip _f19 _gy-gencatlg |
||
| 942 |
_2lcc _cBK _n0 |
||
| 999 |
_c1505 _d1505 |
||